Top 10 European Clubs with the most Leagues Won - Statistics

General Stats
  • This quiz has been taken 34 times
    9 since last reset
  • The average score is 7 of 11
Answer Stats
League
Wins
Club % Correct
36 Real Madrid
100%
36 Ajax
75%
38 Benfica
75%
55 Celtic
75%
36 Juventus
75%
55 Rangers
75%
35 Ferencvaros
50%
57 Linfield
50%
48 Olympiacos
50%
35 Red Star Belgrade
50%
35 Sparta Prague
50%
No matching quizzes found
Score Distribution
Percent of People with Each Score
Percentile by Number Answered
Your Score History
You have not taken this quiz since the last reset